1648 1891 1459 1355 1248 1449 1617 1557 1762 1537 1160 1987 1457 1044 1223 1937 1535 1377 1928 1119 1163 1172 1908 1553 1185 1311 1920 1111 1328 1481 1735 1423 1245 1264 1532 1347 1952 1476 1250 1528 1119 1781 1138 1415 1047 1017 1313 1052 1242 1730 1700 1470 1598 1510 1976 1283 1878 1133 1956 1482 1445 1786 1942 1316 1154 1958 1124 1506 1373 1571 1054 1443 1918 1949 1126 1877 1930 1329 1500 1054 1693 1509 1439 1540 1031 1160 1964 1018 1180 1754 1397 1878 1292 1198 1854 1447 1263 1363 1972 BCNSPRNW ULIB Ver.6.0+V

เปลี่ยนเป็นภาษาไทย

Change to English
 แสดงรายละเอียดบรรณานุกรม
  กลับหน้าหลัก

Brief Record : Get Marc (ISO 2709) : E-mail record : QR code < ปิดหน้าต่าง
LEADER : 00000nam 2200000uu 4500
001    13399121831
003     ULIB
008    121211s2551||||th 000 0 tha d
020    ^a9789748278520
060 04 ^aWP570^bพ565ก
100 0  ^aพันธ์ศักดิ์ ศุกระฤกษ์.
245 10 ^aภาวะมีบุตรยาก /^cพันธ์ศักดิ์ ศุกระฤกษ์.
250    ^aพิมพ์ครั้งที่ 6.
260    ^aกรุงเทพฯ :^bหมอชาวบ้าน,^c2551.
300    ^a151 หน้า :^bภาพประกอบ ;^c21 ซม.
650  2 ^aInfertility.
650  7 ^aการมีบุตรยาก.
945    ^p130^l0^i16187
995    ^aทศพร
999    ^aทศพร เกษรทอง
รายการนี้ยังไม่มีแท็ก
คุณยังไม่ได้ล็อกอิน คุณสามารถมีกิจกรรมร่วมกับเว็บไซต์ได้ แต่ต้องล็อกอินก่อน ::
  ล็อกอิน

รายการสื่อสารสนเทศ

ลำดับที่ ประเภท เลขเรียก/บาร์โค้ด สถานที่ สถานะ
1. วิทยาศาสตร์การแพทย์ และสุขภาพ
วิทยาศาสตร์การแพทย์ และสุขภาพ
WP570 พ565ก ฉ.1 
  Barcode: 16187
ห้องสมุดวิทยาเขตสวรรค์ประชารักษ์
►ส่วนจัดเก็บหนังสือเก่า สปร
บนชั้น
  ขอยืม

รายการใกล้เคียง
    ผู้แต่ง [พันธ์ศักดิ์ ศุกระฤกษ์.]

    หัวเรื่อง [Infertility.]
    หัวเรื่อง [การมีบุตรยาก.]

BibComment


ยังไม่เคยถูกคอมเมนท์

คอมเมนท์ทรัพยากรรายการนี้
  คอมเมนท์: ภาวะมีบุตรยาก พ..


 Copyright 2026. Bcnsprnw @Library